« Retourner aux résultats de recherche
Mieux manger
Les meilleurs recettes marmiton
| Auteur principal: | Collectif Auteur du texte |
|---|---|
| Support: | Livres |
| Langue: | Francais |
| Publié: |
Play Bac Paris |
| Genre: |
Documentaire |
| Sujets: | |
| Étiquettes: |
Ajouter
Pas de Tags !
|
| LEADER | 00551nam0a2200169 450 | ||
|---|---|---|---|
| 001 | 16825347 | ||
| 010 | |a 978-2-8096-5567-4 |b Br. |d 14,9 | ||
| 100 | |a 20160914d2026 u u0frey01 ba | ||
| 101 | 0 | |a fre | |
| 200 | 0 | |a Mieux manger |e Les meilleurs recettes marmiton |f Collectif | |
| 207 | 1 | |a | |
| 210 | |a Paris |b 33, rue du Peti-Musc. |c Play Bac | ||
| 676 | |a 641 | ||
| 700 | 0 | |a Collectif |c Auteur du texte |4 70 | |
| 900 | |a Documentaire | ||
| 901 | |a Accessible au prêt | ||
| 995 | |a Bibliothèque |c Bibliothèque |f 024017341 |h 024017341 |k 641 COL |o p |q a |r az |e Bibliothèque | ||
